<?xml version="1.0" encoding="UTF-8"?>
<record
    xmlns:xsi="http://www.w3.org/2001/XMLSchema-instance"
    xsi:schemaLocation="http://www.loc.gov/MARC21/slim http://www.loc.gov/standards/marcxml/schema/MARC21slim.xsd"
    xmlns="http://www.loc.gov/MARC21/slim">

  <leader>01149nam a2200181Ia 4500</leader>
  <controlfield tag="008">151202s9999||||xx |||||||||||||| ||und||</controlfield>
  <datafield tag="082" ind1=" " ind2=" ">
    <subfield code="b">PNVM-76036</subfield>
  </datafield>
  <datafield tag="100" ind1=" " ind2=" ">
    <subfield code="a">&#x92A;&#x948; &#x936;&#x93F;&#x930;&#x940;&#x937;.-&#x938;&#x902;&#x92A;&#x93E;.</subfield>
  </datafield>
  <datafield tag="245" ind1=" " ind2=" ">
    <subfield code="a">&#x905;&#x92A;&#x94D;&#x930;&#x915;&#x93E;&#x936;&#x93F;&#x924; &#x905;&#x924;&#x94D;&#x930;&#x947;-&#x906;&#x91A;&#x93E;&#x930;&#x94D;&#x92F; &#x905;&#x924;&#x94D;&#x930;&#x947; &#x92F;&#x93E;&#x902;&#x928;&#x940; &#x932;&#x93F;&#x939;&#x93F;&#x932;&#x947;&#x932;&#x94D;&#x92F;&#x93E; &#x935;&#x93F;&#x935;&#x93F;&#x927; &#x935;&#x93F;&#x937;&#x92F;&#x93E;&#x902;&#x935;&#x930;&#x940;&#x932; &#x932;&#x947;&#x916;&#x93E;&#x902;&#x91A;&#x93E; &#x938;&#x902;&#x917;&#x94D;&#x930;&#x939;.</subfield>
  </datafield>
  <datafield tag="260" ind1=" " ind2=" ">
    <subfield code="b">"&#x92A;&#x930;&#x91A;&#x941;&#x930;&#x947; &#x92A;&#x94D;&#x930;&#x915;&#x93E;&#x936;&#x928; &#x92E;&#x902;&#x926;&#x93F;&#x930;,&#x92E;&#x941;&#x902;&#x92C;&#x908;."</subfield>
  </datafield>
  <datafield tag="260" ind1=" " ind2=" ">
    <subfield code="c">76036</subfield>
  </datafield>
  <datafield tag="300" ind1=" " ind2=" ">
    <subfield code="a">231</subfield>
  </datafield>
  <datafield tag="600" ind1=" " ind2=" ">
    <subfield code="a">&#x92A;&#x948; &#x936;&#x93F;&#x930;&#x940;&#x937;.-&#x938;&#x902;&#x92A;&#x93E;.</subfield>
  </datafield>
  <datafield tag="630" ind1=" " ind2=" ">
    <subfield code="a">&#x905;&#x92A;&#x94D;&#x930;&#x915;&#x93E;&#x936;&#x93F;&#x924; &#x905;&#x924;&#x94D;&#x930;&#x947;-&#x906;&#x91A;&#x93E;&#x930;&#x94D;&#x92F; &#x905;&#x924;&#x94D;&#x930;&#x947; &#x92F;&#x93E;&#x902;&#x928;&#x940; &#x932;&#x93F;&#x939;&#x93F;&#x932;&#x947;&#x932;&#x94D;&#x92F;&#x93E; &#x935;&#x93F;&#x935;&#x93F;&#x927; &#x935;&#x93F;&#x937;&#x92F;&#x93E;&#x902;&#x935;&#x930;&#x940;&#x932; &#x932;&#x947;&#x916;&#x93E;&#x902;&#x91A;&#x93E; &#x938;&#x902;&#x917;&#x94D;&#x930;&#x939;.</subfield>
  </datafield>
  <datafield tag="700" ind1=" " ind2=" ">
    <subfield code="a">&#x92A;&#x948; &#x936;&#x93F;&#x930;&#x940;&#x937;.-&#x938;&#x902;&#x92A;&#x93E;.</subfield>
  </datafield>
  <datafield tag="730" ind1=" " ind2=" ">
    <subfield code="a">&#x905;&#x92A;&#x94D;&#x930;&#x915;&#x93E;&#x936;&#x93F;&#x924; &#x905;&#x924;&#x94D;&#x930;&#x947;-&#x906;&#x91A;&#x93E;&#x930;&#x94D;&#x92F; &#x905;&#x924;&#x94D;&#x930;&#x947; &#x92F;&#x93E;&#x902;&#x928;&#x940; &#x932;&#x93F;&#x939;&#x93F;&#x932;&#x947;&#x932;&#x94D;&#x92F;&#x93E; &#x935;&#x93F;&#x935;&#x93F;&#x927; &#x935;&#x93F;&#x937;&#x92F;&#x93E;&#x902;&#x935;&#x930;&#x940;&#x932; &#x932;&#x947;&#x916;&#x93E;&#x902;&#x91A;&#x93E; &#x938;&#x902;&#x917;&#x94D;&#x930;&#x939;.</subfield>
  </datafield>
  <datafield tag="942" ind1=" " ind2=" ">
    <subfield code="c">BOOK</subfield>
  </datafield>
  <datafield tag="999" ind1=" " ind2=" ">
    <subfield code="c">1342695</subfield>
    <subfield code="d">1342692</subfield>
  </datafield>
  <datafield tag="952" ind1=" " ind2=" ">
    <subfield code="0">0</subfield>
    <subfield code="1">0</subfield>
    <subfield code="4">0</subfield>
    <subfield code="7">0</subfield>
    <subfield code="a">PNVM</subfield>
    <subfield code="b">PNVM</subfield>
    <subfield code="d">2015-06-21</subfield>
    <subfield code="g">0.00</subfield>
    <subfield code="l">0</subfield>
    <subfield code="o">PNVM-76036</subfield>
    <subfield code="p">PNVM-76036</subfield>
    <subfield code="r">2015-12-02 00:00:00</subfield>
    <subfield code="v">0.00</subfield>
    <subfield code="w">2015-12-02</subfield>
    <subfield code="y">BOOK</subfield>
  </datafield>
</record>
